6 steps to free publicity / (Record no. 39701)
[ view plain ]
| 000 -LEADER | |
|---|---|
| fixed length control field | 00978nam a2200265 a 4500 |
| 005 - DATE AND TIME OF LATEST TRANSACTION | |
| control field | 20140311163038.0 |
| 008 - FIXED-LENGTH DATA ELEMENTS--GENERAL INFORMATION | |
| fixed length control field | 111013s19uu xx 00 eng d |
| 010 ## - LIBRARY OF CONGRESS CONTROL NUMBER | |
| LC control number | 2008027707 |
| 020 ## - INTERNATIONAL STANDARD BOOK NUMBER | |
| International Standard Book Number | 9781601630278 |
| 050 ## - LIBRARY OF CONGRESS CALL NUMBER | |
| Classification number | HD 59 |
| Item number | .Y83 2009 |
| 100 ## - MAIN ENTRY--PERSONAL NAME | |
| Personal name | Yudkin, Marcia |
| 245 ## - TITLE STATEMENT | |
| Title | 6 steps to free publicity / |
| Statement of responsibility, etc | Marcia Yudkin. |
| 250 ## - EDITION STATEMENT | |
| Edition statement | 3rd ed. |
| 260 ## - PUBLICATION, DISTRIBUTION, ETC. (IMPRINT) | |
| Place of publication, distribution, etc | Franklin Lakes, NJ : |
| Name of publisher, distributor, etc | Career Press, |
| Date of publication, distribution, etc | 2009. |
| 300 ## - PHYSICAL DESCRIPTION | |
| Extent | 287 p. ; |
| Dimensions | 21 cm. |
| 500 ## - GENERAL NOTE | |
| General note | Includes bibliographical references (p. 261-277) and index. |
| 520 ## - SUMMARY, ETC. | |
| Summary, etc | ontents: pt. 1. Getting started with publicity -- pt. 2. Writing to get publicity -- pt. 3. Speaking and acting for publicity -- pt. 4. Polishing your publicity skills -- pt. 5. Keeping the publicity momentum going. |
| 521 ## - TARGET AUDIENCE NOTE | |
| Target audience note | |
| 650 ## - SUBJECT ADDED ENTRY--TOPICAL TERM | |
| Topical term or geographic name as entry element | Industrial publicity |
| 650 ## - SUBJECT ADDED ENTRY--TOPICAL TERM | |
| Topical term or geographic name as entry element | Press releases |
| 650 ## - SUBJECT ADDED ENTRY--TOPICAL TERM | |
| Topical term or geographic name as entry element | Small business |
| General subdivision | Public relations |
| 650 ## - SUBJECT ADDED ENTRY--TOPICAL TERM | |
| Topical term or geographic name as entry element | Small business |
| General subdivision | Management |
| 942 ## - ADDED ENTRY ELEMENTS (KOHA) | |
| Koha item type | Books |
| Source of classification or shelving scheme | Library of Congress Classification |
| Call number prefix | Foreign |
| Withdrawn status | Lost status | Source of classification or shelving scheme | Damaged status | Home library | Current library | Shelving location | Date acquired | Source of acquisition | Total Checkouts | Full call number | Barcode | Date last seen | Copy number | Price effective from | Koha item type |
|---|---|---|---|---|---|---|---|---|---|---|---|---|---|---|---|
| Library of Congress Classification | College Library | College Library | General Circulation Section | 01/20/2014 | Donation | HD 59 .Y83 2009 | C12899 | 05/15/2018 | 1 | 01/20/2014 | Books |